Mistrzowie Świata F1 - Statystyki

Ogólne statystyki
  • Ten quiz został rozwiązany 1 262 razy
    741 od ostatniego zresetowania
  • Średni wynik to 54 z 74
Statystyki odpowiedzi
Sezon Mistrz % Poprawnych
2008 Lewis Hamilton
99%
2014 Lewis Hamilton
99%
2015 Lewis Hamilton
99%
2017 Lewis Hamilton
99%
2018 Lewis Hamilton
99%
2019 Lewis Hamilton
99%
2020 Lewis Hamilton
99%
2021 Max Verstappen
97%
2022 Max Verstappen
96%
2023 Max Verstappen
96%
1994 Michael Schumacher
95%
1995 Michael Schumacher
95%
2000 Michael Schumacher
95%
2001 Michael Schumacher
95%
2002 Michael Schumacher
95%
2003 Michael Schumacher
95%
2004 Michael Schumacher
95%
2005 Fernando Alonso
93%
2006 Fernando Alonso
93%
2010 Sebastian Vettel
92%
2011 Sebastian Vettel
92%
2012 Sebastian Vettel
92%
2013 Sebastian Vettel
92%
1988 Ayrton Senna
90%
1990 Ayrton Senna
90%
1991 Ayrton Senna
90%
2016 Nico Rosberg
89%
1982 Keke Rosberg
87%
2007 Kimi Raikkonen
86%
2009 Jenson Button
82%
1985 Alain Prost
79%
1986 Alain Prost
79%
1989 Alain Prost
79%
1993 Alain Prost
79%
1975 Niki Lauda
78%
1977 Niki Lauda
78%
1984 Niki Lauda
78%
1951 Juan Manuel Fangio
72%
1954 Juan Manuel Fangio
72%
1955 Juan Manuel Fangio
72%
1956 Juan Manuel Fangio
72%
1957 Juan Manuel Fangio
72%
1998 Mika Hakkinen
72%
1999 Mika Hakkinen
72%
1996 Damon Hill
67%
1962 Graham Hill
67%
1968 Graham Hill
67%
1961 Phil Hill
67%
1950 Giuseppe Farina
61%
1981 Nelson Piquet
59%
1983 Nelson Piquet
59%
1987 Nelson Piquet
59%
1952 Alberto Ascari
58%
1953 Alberto Ascari
58%
1997 Jacques Villeneuve
58%
1992 Nigel Mansell
56%
1976 James Hunt
55%
1972 Emerson Fittipaldi
49%
1974 Emerson Fittipaldi
49%
1969 Jackie Stewart
48%
1971 Jackie Stewart
48%
1973 Jackie Stewart
48%
1959 Jack Brabham
46%
1960 Jack Brabham
46%
1966 Jack Brabham
46%
1963 Jim Clark
43%
1965 Jim Clark
43%
1979 Jody Scheckter
41%
1978 Mario Andretti
41%
1970 Jochen Rindt
35%
1980 Alan Jones
32%
1958 Mike Hawthorn
30%
1967 Denny Hulme
27%
1964 John Surtees
27%
Nie znaleziono quizów pasujących do podanych kryteriów
Rozkład punktacji
Procent ludzi z każdym wynikiem
Percentyl według liczby udzielonych odpowiedzi
Twoja historia wyników
Nie rozwiązałeś tego quizu od ostatniego zresetowania